书目信息 |
| 题名: |
生如夏花
|
|
| 作者: | 霍艳 著 | |
| 分册: | ||
| 出版信息: | 北京 新世界出版社 2008.08 |
|
| 页数: | 218页 | |
| 开本: | 20cm | |
| 丛书名: | ||
| 单 册: | ||
| 中图分类: | I247.5 | |
| 科图分类: | ||
| 主题词: | 长篇小说--Chang Pian Xiao Shuo--中国--现代 | |
| 电子资源: | ||
| ISBN: | 978-7-80228-727-3 | |
| 000 | 00841nam0 2200253 450 | |
| 001 | CAL 012008183340 | |
| 005 | 20110302191419.96 | |
| 010 | @a978-7-80228-727-3@dCNY19.00 | |
| 099 | @aCAL 012008183340 | |
| 100 | @a20081224d2008 em y0chiy50 ea | |
| 101 | 0 | @achi |
| 102 | @aCN@b110000 | |
| 105 | @ay z 000ay | |
| 200 | 1 | @a生如夏花@ASheng Ru Xia Hua@f霍艳著 |
| 205 | @a增订版 | |
| 210 | @a北京@c新世界出版社@d2008.08 | |
| 215 | @a218页@d20cm | |
| 330 | @a本书是霍艳15岁时写出的长篇小说。书中一个与作者同名的女孩子在云南某个地方开了一间叫做“那时花开”的客栈。以住进这件小客栈的不同人物为线索,展现了来来往往每个人的故事与心情。 | |
| 606 | 0 | @a长篇小说@AChang Pian Xiao Shuo@y中国@z现代 |
| 690 | @aI247.5@v4 | |
| 701 | 0 | @a霍艳@AHuo Yan@4著 |
| 801 | 0 | @aCN@bCCNU@c20110302 |
| 905 | @aZUCC@dI247.5@eH9811@f3 | |
| 998 | @aCCNU | |
| 生如夏花/霍艳著.-增订版.-北京:新世界出版社,2008.08 |
| 218页;20cm |
| ISBN 978-7-80228-727-3:CNY19.00 |
| 本书是霍艳15岁时写出的长篇小说。书中一个与作者同名的女孩子在云南某个地方开了一间叫做“那时花开”的客栈。以住进这件小客栈的不同人物为线索,展现了来来往往每个人的故事与心情。 |
| ● |
| 相关链接 |
|
|
|
正题名:生如夏花
索取号:I247.5/H9811
 
预约/预借
| 序号 | 登录号 | 条形码 | 馆藏地/架位号 | 状态 | 备注 |
| 1 | 1192577 | 211925773 | 文学库108/108文学库 30排2列5层/ [索取号:I247.5/H9811] | 在馆 | |
| 2 | 1192578 | 211925782 | 社科二线400B/400B社科库 12排2列6层/ [索取号:I247.5/H9811] | 在馆 | |
| 3 | 1192579 | 211925791 | 社科二线400B/400B社科库 13排1列3层/ [索取号:I247.5/H9811] | 在馆 |